000 01055cam a2200301 i 4500
001 18225155
003 ARRUPE
005 20161004095444.0
008 140714s2015 nyu b 001 0 eng
010 _a 2014945836
020 _a9780465060733 (hardcover)
020 _z9780465056842 (e-bbok)
040 _aDLC
_beng
_erda
_cDLC
042 _apcc
043 _an-us---
050 0 0 _aHB171
_b.S713 2015
082 0 0 _a330
_222
100 1 _aSowell, Thomas,
_d1930-
_926394
245 1 0 _aBASIC ECONOMICS :
_bA Common Sense Guide to the Economy /
_cTHOMAS SOWELL.
250 _aFifth Edition.
260 _aNew York
_bBasic Books
_c2015
300 _aix, 689 pages ;
_c25 cm
504 _aIncludes bibliographical references and index.
650 0 _aEconomics.
_926395
906 _a7
_bcbc
_corignew
_d2
_eepcn
_f20
_gy-gencatlg
942 _2lcc
_cMONOGRAPH
999 _c125414
_d125414